000 01031ngm a22003730a 4500
001 PT47321
003 AR-LpoUNG
005 20210202000012.0
007 vd cvaizq
008 191001s2008||||ag |||||||||||||||||eng d
040 _aAR-LpoUNG
_bspa
_cAR-LpoUNG
_eaacr
041 _aeng
_afre
_aspa
044 _aag
082 0 _a307.72 279v41
100 1 _aMcLaglen, Andrew V.
_edir.
245 1 0 _aDe su misma sangre
260 _aSan Luis :
_bAVH,
_c2008.
300 _aDVD (101 min.) : son., col.
505 0 _aHecha en 1973. Protagonistas: John Wayne, Gary Grimes y Marie Windsor. Subtitulada en castellano, inglés, francés y portugués.
650 4 _aCOMUNIDADES RURALES
650 4 _aENTREVISTAS
650 4 _aJUSTICIA
650 4 _aORO
650 4 _aPELICULAS
650 4 _aRELACIONES PERSONALES
651 4 _aDOCUMENTOS TEORICOS O METODOLOGICOS
653 _aACCION
653 _aCINE ESTADOUNIDENSE
653 _aDVD
653 _aVIDEOS
653 _aWESTERN
905 _a47321
942 _cDVD
999 _c53944
_d53944